| 000 | 00466nam a2200181Ia 4500 | ||
|---|---|---|---|
| 008 | 240925s9999 xx 000 0 und d | ||
| 020 | _a9788122437850 | ||
| 082 | _a621.3132 PAD | ||
| 100 | _aPadiyar, K. R. | ||
| 245 | 0 | _aHVDC Power Transmission Systems | |
| 250 | _a3rd | ||
| 260 |
_aNew Delhi: _bKatson Books _c,2015. |
||
| 300 |
_axvi, 759p. _b0 _fOriginal |
||
| 500 | _aIncludes Index | ||
| 600 | _aPower Engineering | ||
| 650 | _aTechnology | ||
| 942 | _cBK | ||
| 999 |
_c13317 _d13317 |
||